LDR 00786naa#a2200169#i#450# 001 EN\\bibl\123360 005 20260705235610.7 011 ## _a1994-4683 100 ## _a20230731b2023####ek#y0engy0150####ca 102 ## _aRU 200 1# _aINTER-SECTORAL STAFFING IN THE SPHERE OF PHYSICAL CULTURE AND SPORTS IN THE IMPLEMENTATION OF THE “STRATEGY FOR THE DEVELOPMENT OFPHYSICAL CULTURE AND SPORTS IN THE RUSSIAN FEDERATION FOR THE PERIOD UNTIL 2030” _eJournal article 210 1# _aMoscow _cNational State University of Physical Education, Sports and Health named after P.F. Lesgaft _d2023 215 ## _a6 с. 608 ## _aJournal article _2local 675 ## _aПрофессиональный спорт. Спортсмены. Кадры. 796.071 _z 700 #1 _aBurenko _gV O 856 4# _auchzapiski.lesgaft.spb.ru _u